Ľudia by mali byť v Európe na prvom mieste

Problémy súčasného prístupu tvorcov politík v Európskej únii. Vlády, ktoré svojim ústredným cieľom urobia maximalizáciu ľudského blahobytu povzbudia vyšší hospodársky rast a rozvinú zdravšie politiky.

Guardado en:
Detalles Bibliográficos
Autor principal: Fitoussi, Jean-Paul
Otros Autores: Malik, Khalid
Formato: Capítulo de libro
Lenguaje:eslovaco
Materias:
Etiquetas: Agregar Etiqueta
Sin Etiquetas, Sea el primero en etiquetar este registro!

MARC

LEADER 00000naa a2200000 4500
001 0222547
005 20220725111448.9
041 0 |a slo 
044 |a SK 
245 1 0 |a Ľudia by mali byť v Európe na prvom mieste  |c Jean-Paul Fitoussi, Khalid Malik 
520 |a Problémy súčasného prístupu tvorcov politík v Európskej únii. Vlády, ktoré svojim ústredným cieľom urobia maximalizáciu ľudského blahobytu povzbudia vyšší hospodársky rast a rozvinú zdravšie politiky. 
610 2 0 |a politika hospodárska 
610 2 0 |a procesy sociálno-ekonomické 
610 2 0 |a rast hospodársky 
610 2 0 |a ekonómia blahobytu 
610 2 0 |a zamestnanosť 
610 2 0 |a kvalita života 
100 1 |a Fitoussi, Jean-Paul 
700 1 |a Malik, Khalid